000 00470nam a22001577a 4500
003 macl
005 20200211132444.0
008 200211b xxu||||| |||| 00| 0 eng d
040 _cmacl
082 _a920/KIS
100 _aराम किशोर
_919893
245 _aफॉंसी के तख्‍ते से
260 _aइलाहाबाद
_bमीरा पब्लिकेशन
_c2016
650 _aजीवनी
_97943
942 _2ddc
_cHIN
999 _c62002
_d62002